پاکستانی عورت دو راہے پر [pakstany eawrt du raہے pr] / (Record no. 80086)
[ view plain ]
| 000 -LEADER | |
|---|---|
| fixed length control field | 00718naa a2200217 a 4500 |
| 001 - CONTROL NUMBER | |
| control field | 80086) |
| 003 - CONTROL NUMBER IDENTIFIER | |
| rucl marc code | BD-RjUL |
| 005 - DATE AND TIME OF LATEST TRANSACTION | |
| control field | 20220705114126.0 |
| 008 - FIXED-LENGTH DATA ELEMENTS--GENERAL INFORMATION | |
| fixed length control field | 220705s19541949|||||||| |||| 00| 0 urd d |
| 035 ## - SYSTEM CONTROL NUMBER | |
| System control number | (BD-RjUL)80086) |
| 040 ## - CATALOGING SOURCE | |
| Original cataloging agency | BD-RjUL |
| Language of cataloging | eng |
| Transcribing agency | BD-RjUL |
| 041 ## - LANGUAGE CODE | |
| Language code of text/sound track or separate title | urd |
| 082 ## - DEWEY DECIMAL CLASSIFICATION NUMBER | |
| Edition number | 23 |
| Classification number | 305.405491 |
| Author mark and year | ISP 1954 |
| 100 1# - MAIN ENTRY--PERSONAL NAME | |
| Personal name | [Islahi, Amin Ahsan ]اصلاحی, امین احسن |
| 9 (RLIN) | 4009 |
| 245 10 - TITLE STATEMENT | |
| Title | پاکستانی عورت دو راہے پر [pakstany eawrt du raہے pr] / |
| Statement of responsibility, etc. | امین احسن اصلاحی [Amin Ahsan Islahi] |
| 250 ## - EDITION STATEMENT | |
| Edition statement | 2nd. ed. |
| 260 ## - PUBLICATION, DISTRIBUTION, ETC. (IMPRINT) | |
| Place of publication, distribution, etc. | Lahore : |
| Name of publisher, distributor, etc. | Markaji maktubat jamaat i Islami , |
| Date of publication, distribution, etc. | 1954 |
| 300 ## - PHYSICAL DESCRIPTION | |
| Pagination | 264 p. ; |
| Size | 18 cm |
| 650 ## - SUBJECT ADDED ENTRY--TOPICAL TERM | |
| Topical term or geographic name as entry element | Women |
| Geographic subdivision | Pakistan |
| 9 (RLIN) | 4010 |
| 942 ## - ADDED ENTRY ELEMENTS (KOHA) | |
| Source of classification or shelving scheme | Dewey Decimal Classification |
| Koha item type | Books |
| Lost status | Source of classification or shelving scheme | Damaged status | Not for loan | Collection code | Permanent Location | Current Location | Shelving location | Date acquired | Full call number | Date last seen | Copy number | Koha item type |
|---|---|---|---|---|---|---|---|---|---|---|---|---|
| Dewey Decimal Classification | Not For Loan | Non-fiction | Central Library, University of Rajshahi | Central Library, University of Rajshahi | Reading Room | 05/07/2022 | U 305.405491 ISP 1954 | 05/07/2022 | C-1 | Books |